00818nam a22001817a 4500003000900000008004100009040007100050082002200121100002800143245010600171260006800277300002400345505016300369650002600532650001200558650001100570710005500581AR-CdUCM190408b ||||| |||| 00| 0 spa d aMUNICIPALIDAD PROVINCIAL DEL CUSCOcBIBLIOTECA MUNICIPAL DEL CUSCO aTS / 340.4 /bT21 aTapia Castillo, Nicanor aEl efecto retroactivo de la ley en la constitución del Perú :bReforma del articulo veinticinco / aCuzcobUniversidad nacional de San Antonio Abad del Cuzcoc1967 a149 hojas ;c28 cm. aContenido: Generalidades -- Doctrina de la retroactividad de la ley -- Derecho comparado de la retroactividad de la ley en las constituciones de América ... aLegislación peruana aDerecho aPerú aUniversidad nacional de San Antonio Abad del Cuzco